Central Library OPAC University of Rajshahi

Sovereignty in dispute : (Record no. 27978)

MARC details
000 -LEADER
fixed length control field 01102cam a22003012 4500
001 - CONTROL NUMBER
control field 27978
003 - CONTROL NUMBER IDENTIFIER
rucl marc code BD-RjUL
005 - DATE AND TIME OF LATEST TRANSACTION
control field 20211209051226.0
008 - FIXED-LENGTH DATA ELEMENTS--GENERAL INFORMATION
fixed length control field 1403 t1984 coua b 001 0 eng d
020 ## - INTERNATIONAL STANDARD BOOK NUMBER
International Standard Book Number 0865316058
035 ## - SYSTEM CONTROL NUMBER
System control number (BD-RjUL)28059
040 ## - CATALOGING SOURCE
Original cataloging agency DLC
Transcribing agency DLC
Modifying agency OCL
-- LUL
-- UKM
-- EQO
-- BD-RjUL
Language of cataloging eng
041 ## - LANGUAGE CODE
Language code of text/sound track or separate title eng
082 00 - DEWEY DECIMAL CLASSIFICATION NUMBER
Classification number 997.11
Edition number 19
Author mark and year HOS 1984
100 1# - MAIN ENTRY--PERSONAL NAME
Personal name Hoffmann, Fritz L.
Fuller form of name (Fritz Leo),
Dates associated with a name 1907-1985.
9 (RLIN) 85825
245 10 - TITLE STATEMENT
Title Sovereignty in dispute :
Remainder of title the Falklands/Malvinas, 1493-1982 /
Statement of responsibility, etc. Fritz L. Hoffmann and Olga Mingo Hoffmann.
260 ## - PUBLICATION, DISTRIBUTION, ETC. (IMPRINT)
Place of publication, distribution, etc. Boulder, Colo. :
Name of publisher, distributor, etc. Westview Press,
Date of publication, distribution, etc. 1984.
300 ## - PHYSICAL DESCRIPTION
Pagination xiv, 194 p. :
Illustrations ill. ;
Size 24 cm.
490 1# - SERIES STATEMENT
Series statement Westview special studies on Latin America and the Caribbean
504 ## - BIBLIOGRAPHY, ETC. NOTE
Bibliography, etc includes bibliographical reference and index.
651 #0 - SUBJECT ADDED ENTRY--GEOGRAPHIC NAME
Geographic name Falkland Islands
General subdivision History.
9 (RLIN) 85826
Geographic name Falkland Islands
General subdivision International status.
9 (RLIN) 85827
700 1# - ADDED ENTRY--PERSONAL NAME
Personal name Hoffmann, Olga Mingo.
830 #0 - SERIES ADDED ENTRY--UNIFORM TITLE
Uniform title Westview special studies on Latin America and the Caribbean
942 ## - ADDED ENTRY ELEMENTS (KOHA)
Source of classification or shelving scheme Dewey Decimal Classification
Koha item type Books
Holdings
Lost status Source of classification or shelving scheme Damaged status Not for loan Collection code Permanent Location Current Location Shelving location Date acquired Source of acquisition Total Checkouts Full call number Date last seen Copy number Koha item type
  Dewey Decimal Classification     Non-fiction Central Library, University of Rajshahi Central Library, University of Rajshahi   17/04/1990 asia foundation   997.11 HOS 1984 29/03/2014 C-2 Books
  Dewey Decimal Classification   Not For Loan Non-fiction Central Library, University of Rajshahi Central Library, University of Rajshahi Reading Room 17/01/1988 Asia foundations   997.11 HOS 1984 16/02/2017 C-1 Books